La libre apreciación de la prueba: investigación acerca del significado, las condiciones y límites del libre convencimiento judicial

Saved in:
Bibliografiske detaljer
Hovedforfatter: Walter, Gerhard (Author)
Format: Bog
Sprog:spansk
Udgivet: Bogotá Temis 1985
Fag:
Tags: Tilføj Tag
Ingen Tags, Vær først til at tagge denne postø!

MARC

LEADER 00000nam a2200000 a 4500
001 UCV1911
003 CL-VaPUC
008 910618e19850000CK |||||||||||||||||spa|d
082 0 4 |a 345.06  |b WAL  |2 21 
100 0 |a Walter, Gerhard  |e author  |9 296107 
245 1 3 |a La libre apreciación de la prueba: investigación acerca del significado, las condiciones y límites del libre convencimiento judicial 
300 |a 413 p 
942 |c BK 
945 |d 19910618 00:00:00 
260 |a Bogotá  |b Temis  |c 1985 
650 7 |a PRUEBA DERECHO  |2 CL-VaPUC  |9 254975 
583 |a last modification  |c 19910618 00:00:00  |k Rodrigo Vera 
999 |c 209664  |d 209662 
952 |0 0  |1 0  |4 0  |6 345_060000000000000_WAL_1985  |7 0  |8 A  |9 185240  |a BIBDER  |b BIBDER  |d 2019-11-14  |i 2527057  |o 345.06 WAL 1985  |p 2527057  |r 2023-01-25  |w 2019-11-14  |y BK  |k DER